Zac /

Spremljeno u:
Bibliografski detalji
Glavni autor: Campalani, Francesca (Autor)
Format: Knjiga
Jezik:talijanski
Izdano: Milano : ES, [1995]
Serija:Piccola biblioteca dell'eros ; 30
Oznake: Dodaj oznaku
Bez oznaka, Budi prvi tko označuje ovaj zapis!

MARC

LEADER 00000nam a22000007i 4500
001 IT\ICCU\LO1\0372337
003 ItRI
005 20260115231947.0
008 950825s1995 it |||||| ||||| |||||c
020 |a 8886534035 
020 |a 9788886534031 
040 |b ita  |c importazione bologna sebina 
041 7 |a ita  |2 ISO-639-2 
100 1 |a Campalani, Francesca  |0 IT\ICCU\LO1V\147899  |4 aut 
240 1 0 |a Zac  |3 IT\ICCU\UFE\1041106  |9 Campalani, Francesca 
245 1 0 |a Zac /  |c Francesca Campalani. 
260 |a Milano :  |b ES,  |c [1995] 
300 |a 84 p. ;  |c 20 cm 
830 0 |a Piccola biblioteca dell'eros ;  |v 30  |0 IT\ICCU\LO1\0304309 
942 |2 ddc  |c BK  |n 0 
952 |0 0  |1 0  |4 0  |6 DOC_853_914000000000000_CAM  |7 0  |9 17892  |a BO  |b BO  |d 2026-01-15  |i 9175  |l 0  |o DOC 853.914 CAM  |p BO9175  |r 2026-01-15 23:19:47  |w 2026-01-15  |x [Sebina 5] [1 v.]  |y BK  |z 1 v. 
999 |c 15214  |d 15214